000
00291nam a2200121Ia 4500
008
220216s9999 xx 000 0 und d
245
0
_a
Tyre industry on fast track
260
_b
Facts For You
_c
2003
300
_a
25-26
650
_a
Tyre industry
650
_a
Tyre production
942
_c
JS
999
_c
71658
_d
71658